Théorie des gites métallifères (Record no. 152853)

MARC details
000 -LEADER
campo de control de longitud fija 00908nam a2200205 i 4500
001 - NÚMERO DE CONTROL
campo de control 152853
003 - IDENTIFICADOR DE NÚMERO DE CONTROL
campo de control ES-MaACL
005 - FECHA Y HORA DE LA ÚLTIMA TRANSACCIÓN
campo de control 20230906204910.0
008 - DATOS DE LONGITUD FIJA--INFORMACIÓN GENERAL
campo de control de longitud fija 021031s1845 fr aef |||| | fre d
040 ## - FUENTE DE CATALOGACIÓN
Centro catalogador/agencia de origen CCPB | B
Lengua de catalogación spa
Centro/agencia transcriptor CCPB | B
100 1# - ENTRADA PRINCIPAL--NOMBRE DE PERSONA
Nombre de persona Burat, Amedée.
9 (RLIN) 32573
245 10 - MENCIÓN DEL TÍTULO
Título Théorie des gites métallifères
Resto del título : appuyée sur la description des principaux types du Harz, de la Saxe, des Provinces Rhénanes, de la Toscane, etc. /
Mención de responsabilidad, etc. par Amédée Burat.
260 ## - PUBLICACIÓN, DISTRIBUCIÓN, ETC.
Lugar de publicación, distribución, etc. Paris :
Nombre del editor, distribuidor, etc. Langlois et Leclerq ;
Lugar de publicación, distribución, etc. Leipsig :
Nombre del editor, distribuidor, etc. chez Léopold Michelsen ;
Lugar de publicación, distribución, etc. Alger :
Nombre del editor, distribuidor, etc. chez Dubos frères,
Fecha de publicación, distribución, etc. 1845 (
Lugar de fabricación/manufactura Paris :
Fabricante imprimerie de Gustav Gratiot)
300 ## - DESCRIPCIÓN FÍSICA
Extensión 358 p., [2] h. de planos pleg., [8] h. de grab. :
Otras características físicas il. ;
Dimensiones 22 cm.
490 1# - MENCIÓN DE SERIE
Mención de serie Étude sur les mines
650 #4 - PUNTO DE ACCESO ADICIONAL DE MATERIA--TÉRMINO DE MATERIA
Término de materia o nombre geográfico como elemento de entrada Recursos minerales.
9 (RLIN) 136812
830 0# - PUNTO DE ACCESO ADICIONAL DE SERIE-TÍTULO UNIFORME
Título uniforme Étude sur les mines
9 (RLIN) 221372
852 ## - LOCALIZACIÓN
Ubicación ES-MaACL
Número de control de estantería B-7689
Nota libre -- Enc. tela
Holdings
Estatus retirado Estado de pérdida Estado de daño No para préstamo Colección Biblioteca de origen Biblioteca actual Ubicación en estantería Fecha de adquisición Fuente de adquisición Total de préstamos Signatura topográfica completa Código de barras Visto por última vez Precio de reemplazo Tipo de ítem Koha
        Libros del s. XIX Biblioteca del Ateneo de Madrid Biblioteca del Ateneo de Madrid Sala Pardo Bazán 17/01/2008     B-7689 1159644 23/02/2023 23/02/2023 Libro impreso antiguo